| 000 | 00627nam a22001577a 4500 | ||
|---|---|---|---|
| 999 |
_c130266 _d130266 |
||
| 008 | 200203b ||||| |||| 00| 0 eng d | ||
| 050 |
_aJQ2945.A91 _bC59 1999 |
||
| 245 |
_aCivil society and democratic development in Africa _bperspectives from Eastern and Southern Africa _cEdited by Julius E. Nyang'oro |
||
| 260 |
_aHarare _bMwengo/Nyang'oro _c1999 |
||
| 300 |
_axi, 182p. ; _c21cm. |
||
| 650 |
_aCivil society _zAfrica, Eastern _919010 |
||
| 650 |
_aDemocratization _zAfrica, Eastern _919008 |
||
| 650 |
_aCivil society _zAfrica, Southern _99027 |
||
| 650 |
_aDemocratization _zAfrica, Southern _949282 |
||
| 942 |
_2lcc _cMONOGRAPH |
||